000 01405nam a22002657a 4500
008 160528s2004 xxu||||| |||| 00| 0 eng d
020 _a0870706632
082 0 4 _a741.924
_bM986d
100 _aHauptman, Jodi.
_ecurador.
_95049
110 2 _aThe Museum of Modern Art.
_95050
245 1 0 _aDrawing from the modern 1880 -1945 /
_cThe Museum of Modern Art ; curador Jodi Hauptman ; editado por Libby Hruska.
250 _a1a ed.
260 _aNueva York, Estados Unidos :
_bThe Museum of Modern Art,
_c2015.
300 _a220p.
_bil. col.
500 _aPublicado para la exhibición "Drawing from the modern 1880 - 1945", expuesta en The Museum of Modern Art (MoMa) durante el período de noviembre del 2014 a marzo del 2015, organizado por el curador Jodi Hauptman. Esta es la primera publicación de tres volúmenes sobre las exhibiciones durante 125 años de la colección del MoMa.
505 _tForeword
_rGlenn D. Lowry.
_tAcknowledgments
_tPreface
_rGary Garrels.
_tDrawing from the modern; imagination without strings
_rJodi Hauptman.
_tPlates.
_tChecklist.
_tSelect bibliography.
_tTrustees of The Museum of Modern Art.
610 1 0 _aThe Museum of Modern Art
_95051
653 1 0 _aArte moderno
653 1 0 _aDibujo moderno
653 1 0 _aExibiciones
653 1 0 _aColecciones de dibujos
653 1 0 _aIlustradores
700 1 _aHauptman, Jodi.
_ecurador.
_95052
700 1 _aHruska, Libby.
_eed.
_95053
999 _c922
_d922